| 000 | 00714nam a2200229 a 4500 | ||
|---|---|---|---|
| 001 | 000041519 | ||
| 005 | 20201002034948.0 | ||
| 008 | 131009s1997 sp a 001 0 spa d | ||
| 020 | _a8473561651 | ||
| 040 |
_aDO-SdBNP _bspa _cBNPHU |
||
| 082 |
_axxxx _bxxxx |
||
| 100 | 1 |
_aSoret, Ignacio _968237 |
|
| 245 | 1 | 0 |
_aLogística comercial y empresarial. / _cIgnacio Soret; presentación, Adrián Piera. |
| 250 | _a2da. ed. | ||
| 260 |
_aMadrid : _bESIC, _c1997. |
||
| 300 |
_a408 p. : _bil. ; _c24 cm. |
||
| 490 | 1 | _aUniversidad | |
| 504 | _aBibliografia p: 405-408 | ||
| 700 | 1 |
_aPiera, Adrián _epres. _968238 |
|
| 710 | 2 |
_aEscuela superior de gestión comercial y marketing _968239 |
|
| 830 | 0 |
_aUniversidad _949597 |
|
| 999 |
_c41009 _d41009 |
||